00336nam a2200121 a 4500082003100000100001800031245002800049260004200077300001700119526003700136650000800173650003300181 a297.12201bSARcL-31, P-531 aGhulam Sarwar1 aPhilosophy of the Quran aLahore :bSh. Muhammad Ashraf ,c1955 aIX, 254p. a0b0c0d297_122010000000000_SAR 0aMCE 0aQuran (Koran) and Philosophy